Statistics for Pascal's Triangle

Click here to take the quiz!

General Stats

  • This quiz has been taken 38 times
  • The average score is 20 of 24

Answer Stats

Answer% Correct
1
100%
10
97%
2
97%
3
97%
4
97%
5
97%
6
97%
15
94%
7
91%
8
91%
20
88%
21
88%
35
88%
28
84%
9
84%
36
81%
45
75%
56
75%
70
72%
120
69%
210
69%
252
69%
84
69%
126
66%

Score Distribution

Percentile by Number Answered

Percent of People with Each Score

Your Score History

You have not taken this quiz